Ελλάδος φθόγγον χέουσα : η αλλοτρίωση της ελληνικής γλώσσας στην Κύπρο

Αποθηκεύτηκε σε:
Λεπτομέρειες βιβλιογραφικής εγγραφής
Μορφή: Βιβλίο
Γλώσσα:Greek
Δημοσίευση: Λευκωσία : Κέντρο Μελετών Ιεράς Μονής Κύκκου, 1993
Θέματα:
Ετικέτες: Προσθήκη ετικέτας
Δεν υπάρχουν, Καταχωρήστε ετικέτα πρώτοι!

MARC

LEADER 00000cam a2200000 i 4500
001 1/5375
008 000602s1993 gre d
020 |a 9963-580-13-0 
035 |l 10061560 
040 |a GR-MY-UA  |b gre  |e aacr 
041 0 |a gre 
082 0 |a 489.324 
245 1 0 |a Ελλάδος φθόγγον χέουσα :  |b η αλλοτρίωση της ελληνικής γλώσσας στην Κύπρο /  |c συντονιστής εκδόσεως Στυλιανός Κ. Περδίκης ; επιμελητής εκδόσεως Μενέλαος Ν. Χριστοδούλου 
260 |a Λευκωσία :   |b Κέντρο Μελετών Ιεράς Μονής Κύκκου,   |c 1993 
300 |a 205 σ. 
500 |a Επίτιτλος : Συμπόσιο για την ελληνική γλώσσα σήμερα στην Κύπρο 
650 0 0 |a Greek language, Modern  |x Congresses. 
650 0 0 |a Greek language, Modern  |x Dialects  |z Cyprus. 
852 |a INST  |b LESVOS  |e 20000602  |h 489.324 ΕΛΛ  |p 005100023308  |q 005100023308  |t BK  |y 0 
901 |a BIBL1-2000-2 
909 |a Λ  |b 072868 
970 |z 2000/06/ΓΕΩΡΓΙΑ